50 Most Influential Americans 👤 - Statistics

General Stats
  • This quiz has been taken 62 times
  • The average score is 22 of 50
Answer Stats
Life dates: Influential Figure: Known for: % Correct
1809-1865 Abraham Lincoln Politics
100%
1732-1799 George Washington Politics/Military
100%
1884-1962 Eleanor Roosevelt Social Activism
93%
1858-1919 Theodore Roosevelt Politics
93%
1882-1945 Franklin Delano Roosevelt Politics
91%
1929-1968 Martin Luther King Jr. Social Activism/Religion
91%
1743-1826 Thomas Jefferson Politics/Thought
89%
1706-1790 Benjamin Franklin Science/Politics/Thought
81%
1890-1969 Dwight Eisenhower Politics/Military
80%
1911-2004 Ronald Reagan Politics
80%
1847-1931 Thomas Edison Invention/Industry
80%
1863-1947 Henry Ford Invention/Industry
78%
1839-1937 John D. Rockefeller Industry
74%
1822-1885 Ulysses S. Grant Politics/Military
74%
1735-1826 John Adams Politics/Thought
72%
1751-1836 James Madison Politics/Thought
70%
1767-1845 Andrew Jackson Politics/Military
65%
1884-1972 Harry Truman Politics
61%
1908-1973 Lyndon Baines Johnson Politics
59%
1755-1804 Alexander Hamilton Politics/Thought
57%
1856-1924 Woodrow Wilson Politics
57%
1879-1955 Albert Einstein Science
56%
19th/20th Cen. Duo Orville and Wilbur Wright Invention/Industry
50%
1835-1919 Andrew Carnegie Industry
43%
1835-1910 Mark Twain Arts
43%
1904-1967 Robert Oppenheimer Science
33%
1795-1849 James K. Polk Politics
31%
1847-1922 Alexander Graham Bell Invention/Science
30%
1901-1966 Walt Disney Arts
28%
1818-1895 Frederick Douglass Social Activism
26%
1919-1972 Jackie Robinson Sports
26%
1737-1809 Thomas Paine Thought
26%
1820-1906 Susan B. Anthony Social Activism
22%
1765-1825 Eli Whitne Invention/Industry
20%
1837-1913 J.P. Morgan Industry
20%
1819-1892 Walt Whitman Arts
17%
1755-1835 John Marshall Thought
15%
1811-1896 Harriet Beecher Stowe Arts/Social Activism
11%
1777-1852 Henry Clay Politics
11%
1791-1872 Samuel F.B. Morse Invention
11%
1914-1995 Jonas Salk Science
9%
1860-1925 William Jennings Bryan Politics
9%
1815-1902 Elizabeth Stanton Social Activism
7%
1803-1882 Ralph Waldo Emerson Arts/Thought
7%
1891-1974 Earl Warren Thought/Politics
6%
1907-1964 Rachel Carson Science
6%
1859-1952 John Dewey Social Activism/Thought
4%
1868-1963 W.E.B. DuBois Arts/Thought
4%
1805-1879 William Lloyd Garrison Social Activism
4%
1822-1903 Frederick Law Olmsted Arts/Media
0%
No matching quizzes found
Score Distribution
Percent of People with Each Score
Percentile by Number Answered
Your Score History
You have not taken this quiz